000 01024nam a2200253 i 4500
001 17358
003 ES-MaACL
005 20250420114144.0
007 t|
008 010214s1967 sp |||| | spa d
080 _a341.176(4)
100 1 _aAdenauer, Konrad.
_918435
245 1 3 _aEl papel de Europa en el mundo /
_cKonrad Adenauer.
260 _aMadrid :
_bEditora Nacional,
_c1967.
300 _a36 p. ;
_c19 cm.
505 8 _aBrindis, pronunciado en el Escorial el 16 de febrero de 1967. El papel de Europa en el mundo, conferencia pronunciada el 16 de febrero en el Ateneo de Madrid
610 2 4 _aAteneo de Madrid-
_vConferencias-
_y1940-1982.
_91908
610 2 4 _aAteneo de Madrid-
_vObras digitalizadas.
_91930
651 4 _aEuropa-
_xOrganización económica y política.
_98620
852 _aES-MaACL
_j2058-F-21
_cDEPOF
_zRevisado enlace: 20 de Abril de 2025
856 _uhttp://www.ateneodemadrid.com/biblioteca_digital/folletos/Folletos-0175.pdf
_yVer documento
942 _2udc
999 _c17358
_d17358